000 00592nam a2200241Ia 4500
003 OSt
005 20221007071614.0
006 a|||||r|||| 00| 0
007 ta
008 221006b |||||||| |||| 00| 0 eng d
020 _a0709904428
024 _a13,865
037 _cTextual
040 _aFLL
_cFLL
_beng
041 _2eng
_aeng
082 _aW:19, M1
100 _aMiller J.D.B.
245 0 _aWorld of states
260 _aLondon
_bCroom Helm London
_c1981
300 _a179p
_ccm.
942 _hW:19, M1
_cTEXL
_2CC
999 _c1143794
_d1143794